Etoh - Ring 2: Desire - Statistics

General Stats
  • This quiz has been taken 21 times
  • The average score is 8 of 13
Answer Stats
Difficulty Answer % Correct
1.07 Maybe A Tower
88%
2.76 Tower of Phone Snapping
88%
3.40 Tower of Big Hole
81%
7.96 Citadel of Wacky Strategy
75%
4.00 Tower of Cold Hands
69%
7.50 Tower of Eternal Suffering
63%
5.61 Tower of Falling and Failing
63%
3.96 Tower of Overcoming Hatred
63%
5.84 Tower of Shattered Dreams
63%
5.71 Tower of Traps
63%
5.80 Tower of Deep Darkness
56%
6.44 Tower of Table Flipping
50%
8.03 Tower of Difficult Chart
13%
No matching quizzes found
Score Distribution
Percent of People with Each Score
Percentile by Number Answered
Your Score History
You have not taken this quiz